Statystyki dla Jak dobrze znasz piosenkę "Jak minął dzień" Krzysztofa Krawczyka?

Kliknij tutaj aby rozwiązać quiz!

Ogólne statystyki

  • Ten quiz został rozwiązany 10 razy
  • Średni wynik to 17 z 30

Statystyki odpowiedzi

TekstBrakujące słowo% Poprawnych
Jak minął dzień? Jak ci się ... pożyło?dziś
100%
przywarowały ... pod oknamijuż
86%
Już prawie noc, a mnie wciąż ...mało
86%
Gdzieś by się ..., coś by się chciałoszło
86%
Co niesie czas? Co jutro ... nas?czeka
71%
I nosi mnie po mieście, ... wie, gdzieczort
71%
Jak minął dzień? Jak minął dzień ...?dzisiejszy
71%
A ty, a ...ja
71%
Jak minął dzień? już kartkę z ...kalendarza
71%
Jak minął dzień? Zwiał od nas, aż się ...kurzy
71%
Już prawie ..., a w taką ciszęnoc
71%
Jak minął dzień? Czy warto się ...?obejrzeć
71%
I ptaki ..., i samochodyśpią
71%
Czy z dala mu zawołać: żegnaj dniu? Kto ...?wie
71%
Czy może dziś coś się ... Ci, kto wie?zaczęło
71%
Czy z dala mu zawołać: ... dniu!żegnaj
71%
Zanim od gwiazd - ktoś może z ... wywróżygwiazd
57%
Już prawie noc - czas na ...powroty
57%
Jak minął dzień? Czy ci się coś ...?skończyło
57%
Na nową ...zmień
57%
I serce jak na ... bije w taktalarm
43%
Niech nikt się nie ...powtarza
43%
Niech przyjdzie noc ...bezksiężycowa
29%
Bez woni ..., lecz z tobą właśnie tubzu
29%
I to jest to i po ... słowacóż
29%
Jak wielki ... twe kroki słyszędzwon
29%
u drzwi ...moich
29%
Co ... czas, co jutro czeka nas? Kto wie?niesie
14%
Przy domach ...wzdłuż
14%
... się co dnia!Zmieniamy
14%

Rozkład punktacji

Percentyl według liczby udzielonych odpowiedzi

Procent ludzi z każdym wynikiem

Twoja historia wyników

Nie rozwiązałeś tego quizu